[Event "Charlesbourg Zukertort"]
[Site "Charlesbourg"]
[Date "2014.02.10"]
[Round "1"]
[White "Cote, Jocelyn"]
[Black "Lessard, Claude"]
[Result "0-1"]
[WhiteElo "1743"]
[BlackElo "2061"]
[PlyCount "66"]
[EventDate "2014.02.10"]
[EventType "swiss"]
[EventRounds "5"]
[EventCountry "CAN"]
[SourceTitle "EXT 2022"]
[Source "ChessBase"]
[SourceDate "2021.10.06"]
[SourceVersion "1"]
[SourceVersionDate "2021.10.06"]
[SourceQuality "1"]

1. e4 c6 2. Nc3 d5 3. exd5 cxd5 4. d4 g6 5. h3 Bg7 6. Nf3 Nc6 7. Bf4 a6 8. Ne5 Nf6 9. Be2 Qb6 10. Nxc6 Qxc6 11. a4 0-0 12. 0-0 Bf5 13. g4 Be6 14. a5 Rac8 15. Bd3 h5 16. Be2 hxg4 17. hxg4 Ne8 18. Kg2 Nd6 19. f3 Nc4 20. Bxc4 Qxc4 21. Ra4 Qc6 22. Rh1 Qd7 23. Ra3 f5 24. g5 Kf7 25. Na4 Rh8 26. Rxh8 Rxh8 27. Nc5 Qc6 28. Rb3 Bc8 29. Rb6 Qe8 30. Nxb7 Rh4 31. Be5 Qh8 32. Kf2 Bxe5 33. dxe5 Qxe5 0-1

[Event "Charlesbourg Zukertort"]
[Site "Charlesbourg"]
[Date "2012.05.14"]
[Round "3"]
[White "Cote, Jocelyn"]
[Black "Fecteau, Martin"]
[Result "1-0"]
[WhiteElo "1717"]
[BlackElo "1966"]
[PlyCount "69"]
[EventDate "2012.04.30"]
[EventType "swiss"]
[EventRounds "5"]
[EventCountry "CAN"]
[SourceTitle "EXT 2022"]
[Source "ChessBase"]
[SourceDate "2021.10.06"]
[SourceVersion "1"]
[SourceVersionDate "2021.10.06"]
[SourceQuality "1"]

1. e4 c5 2. Nc3 e6 3. f4 a6 4. Nf3 Nc6 5. g3 g6 6. d4 cxd4 7. Nxd4 Bg7 8. Be3 Nge7 9. Qd2 0-0 10. Bg2 Na5 11. b3 Rb8 12. 0-0 f5 13. exf5 gxf5 14. Rad1 d5 15. Na4 Nac6 16. Nf3 b5 17. Nc5 Qe8 18. Ng5 Qg6 19. Rfe1 h6 20. Nf3 b4 21. Qd3 Rd8 22. Bf2 a5 23. Qe2 Kf7 24. Rd3 Bc3 25. Rxc3 bxc3 26. Nd4 Nxd4 27. Bxd4 Nc6 28. Bxc3 d4 29. Bb2 Nb4 30. Qe5 Ba6 31. Qc7+ Kg8 32. Rxe6 Qg4 33. Nxa6 Qd1+ 34. Bf1 Nxa6 35. Rg6+ 1-0

[Event "Charlesbourg Le Khalif"]
[Site "Charlesbourg"]
[Date "2011.02.14"]
[Round "2"]
[White "Cote, Jocelyn"]
[Black "Lessard, Claude"]
[Result "0-1"]
[WhiteElo "1752"]
[BlackElo "2072"]
[PlyCount "96"]
[EventDate "2011.02.07"]
[EventType "swiss"]
[EventRounds "5"]
[EventCountry "CAN"]
[SourceTitle "EXT 2022"]
[Source "ChessBase"]
[SourceDate "2021.10.06"]
[SourceVersion "1"]
[SourceVersionDate "2021.10.06"]
[SourceQuality "1"]

1. e4 c6 2. d4 d5 3. f3 g6 4. Nc3 Bg7 5. Be3 h5 6. Qd2 Nf6 7. e5 Ng8 8. h3 e6 9. g3 a6 10. Rh2 c5 11. f4 cxd4 12. Bxd4 Nc6 13. Bc5 g5 14. Nf3 gxf4 15. gxf4 Qa5 16. Be3 Nge7 17. Qf2 Nf5 18. Bd2 Qc7 19. 0-0-0 Bd7 20. Bd3 Nce7 21. Rg2 Bh6 22. Rdg1 0-0-0 23. Ng5 Bxg5 24. Rxg5 Bc6 25. Kb1 h4 26. Ne2 d4 27. Nc1 Ng3 28. Nb3 Ne4 29. Qe1 Nxg5 30. Rxg5 Bb5 31. Bxb5 axb5 32. Ba5 b6 33. Bb4 Nf5 34. Rg2 Rhg8 35. Rd2 Rg3 36. a3 Qc4 37. Bd6 Qd5 38. Nxd4 Nxd4 39. Qd1 Rxh3 40. Rxd4 Qh1 41. c3 Qxd1+ 42. Rxd1 Rf3 43. Rh1 Rxf4 44. Be7 Rh8 45. Bf6 Rh5 46. Rh3 Kd7 47. Ka2 Kc6 48. Kb3 Kd5 0-1

[Event "Charlesbourg Festival 1"]
[Site "Charlesbourg"]
[Date "2010.07.05"]
[Round "5"]
[White "Cote, Jocelyn"]
[Black "Glode, Martin"]
[Result "1-0"]
[WhiteElo "1698"]
[BlackElo "1784"]
[PlyCount "131"]
[EventDate "2010.06.07"]
[EventType "swiss"]
[EventRounds "5"]
[EventCountry "CAN"]
[SourceTitle "EXT 2022"]
[Source "ChessBase"]
[SourceDate "2021.10.06"]
[SourceVersion "1"]
[SourceVersionDate "2021.10.06"]
[SourceQuality "1"]

1. e4 e6 2. d3 d5 3. Nd2 Nf6 4. Ngf3 dxe4 5. dxe4 Bc5 6. Bb5+ Bd7 7. Qe2 a6 8. Bxd7+ Qxd7 9. 0-0 Nc6 10. Nb3 Be7 11. Rd1 Qc8 12. e5 Nd7 13. Bf4 0-0 14. Rd2 Rd8 15. Rad1 Nf8 16. Rxd8 Bxd8 17. Nc5 Be7 18. Ne4 Ng6 19. Bg3 Qe8 20. h4 Rd8 21. h5 Rxd1+ 22. Qxd1 Nf8 23. h6 Qd8 24. Qxd8 Bxd8 25. hxg7 Kxg7 26. Nc5 Na5 27. b4 Be7 28. Nd3 Nc6 29. c3 Ng6 30. Nd2 Nh4 31. Ne4 b6 32. Kf1 Nf5 33. Bf4 h5 34. g3 Kg6 35. Kg2 Nb8 36. Nf6 Ng7 37. Kf3 Nc6 38. Ke4 Bd8 39. a3 Nf5 40. Ne8 Ng7 41. Nxg7 Kxg7 42. Be3 Kh7 43. Nf4 h4 44. g4 Ne7 45. Nh3 Nd5 46. Bd2 c6 47. c4 Nc7 48. f4 Ne8 49. f5 Kg7 50. f6+ Nxf6+ 51. exf6+ Bxf6 52. a4 Bb2 53. b5 cxb5 54. axb5 axb5 55. cxb5 Kg6 56. Be3 f5+ 57. gxf5+ exf5+ 58. Kf3 Be5 59. Bxb6 Kf7 60. Bd8 Ke8 61. Bxh4 Kd7 62. Nf4 Bd4 63. Bf2 Bxf2 64. Kxf2 Kd6 65. b6 Kc6 66. Nd5 1-0

[Event "Charlesbourg Festival 1"]
[Site "Charlesbourg"]
[Date "2010.06.28"]
[Round "4"]
[White "Beaudoin, Stephane"]
[Black "Cote, Jocelyn"]
[Result "0-1"]
[WhiteElo "2113"]
[BlackElo "1698"]
[PlyCount "106"]
[EventDate "2010.06.07"]
[EventType "swiss"]
[EventRounds "5"]
[EventCountry "CAN"]
[SourceTitle "EXT 2022"]
[Source "ChessBase"]
[SourceDate "2021.10.06"]
[SourceVersion "1"]
[SourceVersionDate "2021.10.06"]
[SourceQuality "1"]

1. e4 e5 2. Bc4 Bc5 3. Nf3 Nc6 4. 0-0 Nf6 5. c3 d6 6. d3 Bb6 7. a4 a5 8. Na3 0-0 9. Nc2 Be6 10. Bxe6 fxe6 11. Be3 Qe8 12. Bxb6 cxb6 13. Ne3 Qg6 14. Qb3 Nh5 15. Nh4 Qf6 16. Nhf5 Kh8 17. Ng3 Nf4 18. Nc4 Rad8 19. Qxb6 Rd7 20. Qe3 d5 21. Nb6 Rd6 22. Qc5 Qd8 23. exd5 exd5 24. c4 Ne6 25. Qe3 d4 26. Qe2 Qxb6 27. Ne4 Nf4 28. Qd1 Rg6 29. g3 Nb4 30. c5 Qe6 31. f3 Nfxd3 32. Ra3 Nxb2 33. Qb1 Nc4 34. Rb3 Ne3 35. Rf2 Qc6 36. Rxb4 axb4 37. Qxb4 Ra8 38. Ra2 Nd5 39. Qb3 h6 40. a5 Ne3 41. Ra1 Qd5 42. Qd3 Rga6 43. Rc1 Rxa5 44. Nf6 gxf6 45. Qg6 Qg8 46. Qxh6+ Qh7 47. Qxf6+ Qg7 48. Qe6 Ra1 49. Rxa1 Rxa1+ 50. Kf2 Ra6 51. Qe8+ Kh7 52. Qb5 Qf7 53. Qb1+ Kg7 0-1

[Event "Charlesbourg op09"]
[Site "Charlesbourg"]
[Date "2003.09.08"]
[Round "2"]
[White "Cote, Jocelyn"]
[Black "Caire, Francois"]
[Result "0-1"]
[WhiteElo "1849"]
[BlackElo "2101"]
[PlyCount "78"]
[EventDate "2003.09.01"]
[EventType "swiss"]
[EventRounds "5"]
[EventCountry "CAN"]
[SourceTitle "EXT 2008"]
[Source "ChessBase"]
[SourceDate "2007.11.25"]
[SourceVersion "1"]
[SourceVersionDate "2007.11.25"]
[SourceQuality "1"]

1. e4 c5 2. Nf3 Nc6 3. d4 cxd4 4. Nxd4 Nf6 5. Nc3 e5 6. Nb3 Bb4 7. Bd3 d5 8. exd5 Nxd5 9. Bd2 Bxc3 10. bxc3 0-0 11. 0-0 Qd6 12. a3 Rd8 13. Qh5 f5 14. Rfd1 Nf6 15. Qh4 e4 16. Bf4 Qe7 17. Be2 Be6 18. Nd4 Nxd4 19. cxd4 Rac8 20. Rd2 Rc3 21. Be5 Bd5 22. Qg5 Qe6 23. a4 Rd7 24. Bb5 Rf7 25. Bxf6 Rxf6 26. Re1 a6 27. Bf1 Qc6 28. Qf4 Qxa4 29. Qe5 Qd7 30. Re3 Rfc6 31. Rxc3 Rxc3 32. Qb8+ Rc8 33. Qa7 Qc6 34. h4 Qc3 35. Re2 Qb4 36. g3 Qb1 37. Kg2 e3+ 38. f3 Bxf3+ 39. Kxf3 Qxf1+ 0-1

[Event "Quebec Montcalm-ch"]
[Site "Quebec"]
[Date "2003.01.12"]
[Round "4"]
[White "Cote, Jocelyn"]
[Black "Forget, Luc"]
[Result "0-1"]
[WhiteElo "1860"]
[BlackElo "1982"]
[PlyCount "130"]
[EventDate "2003.01.??"]
[EventType "swiss"]
[EventRounds "5"]
[EventCountry "CAN"]
[SourceTitle "EXT 2006"]
[Source "ChessBase"]
[SourceDate "2005.11.24"]
[SourceVersion "1"]
[SourceVersionDate "2005.11.24"]
[SourceQuality "1"]

1. e4 e5 2. Bc4 Nf6 3. d3 Nc6 4. c3 Be7 5. Nf3 0-0 6. 0-0 d6 7. h3 a6 8. Bb3 Rb8 9. Nbd2 b5 10. a3 Na5 11. Bc2 c5 12. Re1 Nc6 13. Nf1 Re8 14. Ng3 Bf8 15. Nh2 g6 16. Qf3 Bg7 17. Ng4 Nxg4 18. hxg4 Qh4 19. g5 Bg4 20. Qe3 Nd8 21. Bb3 Be6 22. Bd1 f6 23. gxf6 Qxf6 24. b4 Qe7 25. f3 Nc6 26. Kf2 c4 27. Bc2 Qa7 28. Rh1 Qxe3+ 29. Bxe3 Ne7 30. Rh2 d5 31. Rah1 cxd3 32. Bxd3 d4 33. cxd4 exd4 34. Bf4 Rbc8 35. Ne2 Bc4 36. Bxc4+ bxc4 37. Rxh7 Nc6 38. Bc1 Ne5 39. Rxg7+ Kxg7 40. Nxd4 Nd3+ 41. Ke3 Nxc1 42. Rxc1 Kf6 43. f4 Rh8 44. e5+ Ke7 45. a4 Rc7 46. b5 axb5 47. axb5 Rc5 48. b6 Rb8 49. Rb1 c3 50. Kd3 c2 51. Nxc2 Rc6 52. b7 Rc7 53. Rb6 Rbxb7 54. Rxg6 Rb3+ 55. Kd2 Rc4 56. Ne3 Rd4+ 57. Ke2 Re4 58. Rg3 Rbb4 59. Rf3 Ra4 60. g3 Kf8 61. Kd2 Ra3 62. g4 Rb4 63. Rf2 Rb2+ 64. Nc2 Rxc2+ 65. Ke1 Ra1# 0-1